Welcome to CU Library Online Public Access Catalogue (OPAC)

JURISPRUDENCE AND LEGAL THEORY (Record no. 46)

MARC details
000 -LEADER
fixed length control field 00261nam a22001097a 4500
005 - DATE AND TIME OF LATEST TRANSACTION
control field 20241017173658.0
008 - FIXED-LENGTH DATA ELEMENTS--GENERAL INFORMATION
fixed length control field 241017b |||||||| |||| 00| 0 eng d
100 ## - MAIN ENTRY--PERSONAL NAME
Personal name MAHAJAN, V.D.
Dates associated with a name 2012
245 ## - TITLE STATEMENT
Title JURISPRUDENCE AND LEGAL THEORY
300 ## - PHYSICAL DESCRIPTION
Extent XXI
942 ## - ADDED ENTRY ELEMENTS (KOHA)
Source of classification or shelving scheme Library of Congress Classification
Koha item type Books
Suppress in OPAC No
999 ## -
-- 46
-- 46
Holdings
Withdrawn status Lost status Source of classification or shelving scheme Damaged status Not for loan Collection Home library Current library Shelving location Date acquired Total checkouts Full call number Barcode Date last seen Copy number Price effective from Koha item type
    Library of Congress Classification     Non-fiction Law Library (Christ Temple) Law Library (Christ Temple) General stacks 06/19/2025   K332.M31 MAH LLCT00000737 06/19/2025 1 06/19/2025 Books
    Library of Congress Classification     Non-fiction Law Library (Christ Temple) Law Library (Christ Temple) General stacks 06/19/2025   K332.M31 MAH LLCT00000738 06/19/2025 2 06/19/2025 Books
    Library of Congress Classification     Non-fiction Law Library Annex (Miotso) Law Library Annex (Miotso) General stacks 11/04/2024   K332.M31 MAH LLM00000375 11/04/2024 1 11/04/2024 Books
© 2023-2024 Copyright: Central University Libraries. All Rights Reserved | Created by: Mahone Tech Office